000 00261nam a2200121Ia 4500
008 190216s9999||||xx |||||||||||||| ||und||
100 _aCarl P Swanson
245 4 _aThe Cell
260 _bPrentice Hall
_c1958
300 _a114p
650 _aBotany
942 _cBK
999 _c1253
_d1253